| 000 | 00470nam a22001817a 4500 | ||
|---|---|---|---|
| 999 |
_c66652 _d66649 |
||
| 020 | _a9788131733837 | ||
| 082 | _a621.4022 RUD | ||
| 100 | _aRudramoorthy, R. | ||
| 245 | _aHeat and Mass Transfer | ||
| 250 | _a2nd edition. | ||
| 260 |
_aNew Delhi: _bPearson Education, _c2015. |
||
| 300 | _a462p. ; | ||
| 650 | _aMass transfer | ||
| 650 | _aHeat--Transmission | ||
| 700 | _aMayilsamy, K. | ||
| 856 | _uhttp://10.10.170.122:8080/browse/book/22888 | ||
| 942 | _cBK | ||